K životnímu jubileu 50 let člena korespondenta ČSAV Ladislava Půsta

Podrobná bibliografia
Hlavný autor: Hortel, Milan (Autor)
Médium: Článok
Jazyk:čeština

MARC

LEADER 00000nab a2200000uu 4500
001 vtls011457516
003 SK-MaSNL
005 20260303151705.0
008 230222|1977 xo |||||||||||||||||cze|
015 |a SNBRB 
035 |a (urnnbn)urn:nbn:sk:snk:ar-a09vf1 
035 |a (uuid)3463cca6-2418-4c28-b30e-b9903a874d42 
035 |a urn:nbn:sk:snk-abcs37 
040 |a SNKBUCL  |b slo  |c SNKBUCL  |e AACR2 
041 0 |a cze 
044 |a xo  |c SK 
100 1 |a Hortel, Milan  |4 aut  |9 1171594 
245 1 0 |a K životnímu jubileu 50 let člena korespondenta ČSAV Ladislava Půsta  |c Milan Hortel 
773 0 |t Strojnícky časopis  |g Roč. 28, č. 1 (1977), s. 119-120 
958 |a OND 
958 |a EUIPO 
958 |a article16 
999 |c 2018860  |d 2020790